Na pohľad dobrá investícia zlato - od platidla, šperku, hi-tech materiálu až po investičný nástroj
Zlato ako alternatíva na bezpečné a málo rizikové investovanie. História používania zlata ako platidla. Ceny zlata. Obchodovanie so zlatom.
Salvato in:
| Autore principale: | |
|---|---|
| Natura: | Capitolo di libro |
| Lingua: | slovacco |
| Soggetti: | |
| Tags: |
Nessun Tag, puoi essere il primo ad aggiungerne!!
|
MARC
| LEADER | 00000naa$a2200000$$$4500 | ||
|---|---|---|---|
| 001 | 0026585 | ||
| 005 | 20231019082614.7 | ||
| 041 | 0 | |a slo | |
| 044 | |a SK | ||
| 245 | 1 | 0 | |a Na pohľad dobrá investícia |b zlato - od platidla, šperku, hi-tech materiálu až po investičný nástroj |c Samuel Vanko |
| 520 | |a Zlato ako alternatíva na bezpečné a málo rizikové investovanie. História používania zlata ako platidla. Ceny zlata. Obchodovanie so zlatom. | ||
| 610 | 2 | 0 | |a zlato |
| 610 | 2 | 0 | |a nástroje investičné |
| 610 | 2 | 0 | |a investovanie |
| 610 | 2 | 0 | |a investori |
| 610 | 2 | 0 | |a portfólio |
| 610 | 2 | 0 | |a kovy vzácne |
| 610 | 2 | 0 | |a ceny |
| 100 | 1 | |a Vanko, Samuel | |